Central America capitals - Statistics

General Stats
  • This quiz has been taken 1,694 times
  • The average score is 5 of 6
Answer Stats
Hint Answer % Correct
Capital of Panama Panama or Panama City
95%
Capital of El Salvador San Salvador
93%
Capital of Guatemala Guatemala or Guatemala City
87%
Capital of Costa Rica San José
81%
Capital of Nicaragua Managua
74%
Capital of Belize Belmopan
68%
No matching quizzes found
Score Distribution
Percent of People with Each Score
Percentile by Number Answered
Your Score History
You have not taken this quiz